True believer : (Record no. 799)

MARC details
000 -LEADER
fixed length control field 01430cam a2200277 4500
001 - CONTROL NUMBER
control field 1142
003 - CONTROL NUMBER IDENTIFIER
control field OCoLC
005 - DATE AND TIME OF LATEST TRANSACTION
control field 20181127162750.0
008 - FIXED-LENGTH DATA ELEMENTS--GENERAL INFORMATION
fixed length control field 061006s2007 mduaf 001 0beng
010 ## - LIBRARY OF CONGRESS CONTROL NUMBER
LC control number 2006033369
020 ## - INTERNATIONAL STANDARD BOOK NUMBER
International Standard Book Number 1591141001
Terms of availability (alk. paper)
International Standard Book Number 9781591141006
Terms of availability (alk. paper)
043 ## - GEOGRAPHIC AREA CODE
Geographic area code n-us---
-- nwcu---
100 1# - MAIN ENTRY--PERSONAL NAME
Personal name Carmichael, Scott W.
245 10 - TITLE STATEMENT
Title True believer :
Remainder of title inside the investigation and capture of Ana Montes, Cuba's master spy /
Statement of responsibility, etc. Scott W. Carmichael.
260 ## - PUBLICATION, DISTRIBUTION, ETC.
Place of publication, distribution, etc. Annapolis, Md. :
Name of publisher, distributor, etc. Naval Institute Press,
Date of publication, distribution, etc. c2007.
300 ## - PHYSICAL DESCRIPTION
Extent x, 187 p., [8] p. of plates :
Other physical details ill. ;
Dimensions 24 cm.
500 ## - GENERAL NOTE
General note Includes index.
505 0# - FORMATTED CONTENTS NOTE
Formatted contents note An American hero -- The interview -- The making of a mole hunter -- A spy among us -- Leaks and more leaks -- Thanks, but no thanks -- Getting on track -- No ordinary analyst -- Keeping her in the bubble -- Project 1923 -- Derailing a plum assignment -- The freeze -- Suspicious activity -- A long summer -- Borrowing the lady's purse -- September 11 -- End game -- The aftermath -- No ordinary spy -- Why she did it -- How she got away with it -- Why it matters -- The death of a warfighter.
600 10 - SUBJECT ADDED ENTRY--PERSONAL NAME
Personal name Carmichael, Scott W.
Personal name Montes, Ana Belen.
610 10 - SUBJECT ADDED ENTRY--CORPORATE NAME
Corporate name or jurisdiction name as entry element United States.
Subordinate unit Defense Intelligence Agency.
650 #0 - SUBJECT ADDED ENTRY--TOPICAL TERM
Topical term or geographic name entry element Espionage, Cuban
General subdivision History
Chronological subdivision 20th century.
Topical term or geographic name entry element Espionage, Cuban
General subdivision History
Chronological subdivision 21st century.
Topical term or geographic name entry element Spies
Geographic subdivision Cuba
Form subdivision Biography.
Holdings
Withdrawn status Lost status Source of classification or shelving scheme Damaged status Not for loan Collection code Home library Current library Shelving location Serial Enumeration / chronology Inventory number Total Checkouts Full call number Barcode Date last seen Price effective from Koha item type
    Dewey Decimal Classification     Main TEST RTC Library RTC Library Main opac 3042   920 CAR 30004009 27/11/2018 27/11/2018 Main
Royal Thimphu College || All Right Reserved